Las Organizaciones no gubernamentales ante el nuevo reto del Estado /
Las autoras comentan que son muchos los ámbitos en los cuales la actuación de las Organizaciones No Gubernamentales, ONGs, podría ser fundamental para apoyar la acción y el diseño de un nuevo Estado costarricense. Ha llegado el momento en el cual la democracia participativa no es una opción de desar...
Gespeichert in:
| 1. Verfasser: | |
|---|---|
| Weitere Verfasser: | |
| Format: | Text |
| Schlagworte: | |
| Tags: |
Tag hinzufügen
Keine Tags, Fügen Sie den ersten Tag hinzu!
|
MARC
| LEADER | 00000 a a2200000 04500 | ||
|---|---|---|---|
| 001 | 17001 | ||
| 003 | |||
| 040 | |||
| 100 | |a Bejarano de Calderón Fournier, Gloria | ||
| 245 | |a Las Organizaciones no gubernamentales ante el nuevo reto del Estado / |c Gloria Bejarano de Calderón Fournier | ||
| 520 | |a Las autoras comentan que son muchos los ámbitos en los cuales la actuación de las Organizaciones No Gubernamentales, ONGs, podría ser fundamental para apoyar la acción y el diseño de un nuevo Estado costarricense. Ha llegado el momento en el cual la democracia participativa no es una opción de desarrollo sino de supervivencia. Si Costa Rica desea heredar a las nuevas generaciones del siglo XXI un medio de convivencia pacífico, una mejor calidad de vida y una cultura respetuosa de las instituciones democráticas, amante de la educación y a la vez, altamente productiva, es necesario que desde ya se fortalezcan y amplíen las organizaciones de la sociedad civil organizada. En detalle se exponen los siguientes temas: las ONGs (naturaleza jurídica, el concepto, su historia, las ONG en Costa Rica durante la última década, éstas y el fortalecimiento de la democracia) y las ONGs en los procesos de descentralización y aumento de la productividad. Posteriormente, en la conclusión se plantea el papel de las ONGs ante el nuevo Estado costarricense, el cual es un reto democrático, social, económico, ecológico y cultural. Se cree firmemente que la democracia se fortalece cuando el Estado permite a los ciudadanos participar activamente en las decisiones que afectan su propio destino. Los seres humanos y las comunidades deben ser sujetos de su propio desarrollo y por ende estamos conscientes del papel protagónico que las ONGs pueden jugar en la concepción, reestructuración e instrumentación del nuevo Estado costarricense. HB/HMBQ | ||
| 650 | |a ORGANIZACIONES NO GUBERNAMENTALES | ||
| 650 | |a ESTADO | ||
| 650 | |a DEMOCRACIA | ||
| 650 | |a EDUCACION | ||
| 650 | |a SOCIEDAD CIVIL | ||
| 650 | |a ASPECTOS JURIDICOS | ||
| 650 | |a HISTORIA | ||
| 650 | |a PRODUCCION | ||
| 650 | |a ECOLOGIA | ||
| 650 | |a CULTURA | ||
| 700 | |a Víquez Salazar, Roxana M | ||
| 773 | |g volumen 4, número 2; páginas 421-448 | ||
| 999 | |c 20457 |d 20457 | ||
